01201cam a22003494i 4500003000900000005001700009008004100026020001500067035002700082040003300109082001700142245008500159264005600244300003700300336002100337337002500358338002300383505028500406526001000691526001000701526001000711526001000721526000800731526000800739526000800747526000800755526000800763526000800771526000800779650003400787700003000821PE-LiUPU20250731173032.0150623s r 000 0 d a1573121533 a(Sirsi) i9781573121538 aPE-LiUPUbspacPE-LiUPUerda04a253bN5622100aNo one told me! :ban honest look at ministry /ceditado por James E. Hightower. 1aMacon, Georgia :bSmyth & Helwys Publishing,c1997. a87 páginas ;c22 centímetros atext2rdacontent aunmediated2rdamedia avolume2rdacarrier0 aYou can't get your blessing from church. -Whose vision is it anyway? -sunday's coming-again. -Be prepared: fights are inevitable. -Lone ranger or the brady bunch: working as a team. -Finding and nurturing vounteers: the never-ending task. -No one told me I'd be supevising people. aSEG42 aSEG41 aSEG40 aSEG39 aP94 aP87 aP86 aP85 aP77 aP76 aP3504aAdministración de iglesias.1 aHightower, James E.,eed.